Catalog

Record Details

Catalog Search



Domácí výroba svíček ze včelího vosku  Cover Image Book Book

Domácí výroba svíček ze včelího vosku / Jana Titěrová

Titěrová, Jana (Author).

Record details

  • ISBN: 80-238-4315-X
  • Physical Description: 63 s. : il. ; 17 cm
  • Edition: Vyd. 1.
  • Publisher: Praha : Aves ; 1999

Content descriptions

General Note:
Terminologický slovníček
Subject: voskové svíčky
včelí vosk
wax candles
beeswax
Genre: příručky
handbooks and manuals

Available copies

  • 1 of 1 copy available at Common Catalog SPOK.

Holds

  • 0 current holds with 1 total copy.
Show Only Available Copies
Location Call Number / Copy Notes Barcode Shelving Location Status Due Date
Jabok Library VO-7.3/T 424480042443 Odborná literatura Available -

LDR 01171cam a2200361 a 4500
00145394
003CZ-PrJAB
00520191024085843.0
007tu
008991214s1999 xr a e 000 0 cze
015 . ‡acnb000694350
020 . ‡a80-238-4315-X ‡q(váz.)
035 . ‡a(CZ PrNK)cpk20000694350
035 . ‡a(OCoLC)84989505
040 . ‡aULG001 ‡bcze ‡dABA001
072 7. ‡a665 ‡xOleje. Tuky. Vosky. Pojiva. Pryskyřice ‡2Konspekt ‡919
080 . ‡a665.18 ‡2MRF
080 . ‡a638.171 ‡2MRF
080 . ‡a(035) ‡2MRF
1001 . ‡aTitěrová, Jana ‡4aut
24510. ‡aDomácí výroba svíček ze včelího vosku / ‡cJana Titěrová
250 . ‡aVyd. 1.
260 . ‡aPraha : ‡bAves ; ‡aOlomouc : ‡bT.A.V.A., ‡c1999
300 . ‡a63 s. : ‡bil. ; ‡c17 cm
500 . ‡aTerminologický slovníček
65007. ‡avoskové svíčky ‡7ph139042 ‡2czenas
65007. ‡avčelí vosk ‡7ph165960 ‡2czenas
65009. ‡awax candles ‡2eczenas
65009. ‡abeeswax ‡2eczenas
655 7. ‡apříručky ‡7fd133209 ‡2czenas
655 9. ‡ahandbooks and manuals ‡2eczenas
910 . ‡aABG312
995 . ‡aska
901 . ‡a45394 ‡bCZ-PrJAB ‡c45394 ‡tbiblio

Additional Resources